Normal view
MARC view
- Museo Pedagógico Nacional (México)
Entry Nombre Corporativo
Number of records used in: 490
001 - NÚMERO DE CONTROL
- campo de control: 51335
003 - IDENTIFICADOR DE NUMERO DE CONTROL
- campo de control: MX-MxUPN
005 - FECHA Y HORA DE LA ÜLTIMA TRANSACCIÓN
- campo de control: 20240308152919.0
008 - DATOS DE LONGITUD FIJA
- campo de control de longitud fija: 240308|| acn||aabn a a|a d
040 ## - FUENTE DE CATALOGACIÓN
- Agencia original de catalogación: MX-MxUPN
- Lenguaje de catalogación: spa
- Agencia transcribe: MX-MxUPN
110 2# - ENCABEZAMIENTO - NOMBRE CORPORATIVO
- Nombre corporativo o de jurisdicción como elemento de entrada : Museo Pedagógico Nacional (México)
410 1# - MENCIÓN DE REFERENCIA “VÉASE” – NOMBRE DE ENTIDAD CORPORATIVA
- Corporate name or jurisdiction name as entry element: México.
- Subordinate unit: Museo Pedagógico Nacional
410 1# - MENCIÓN DE REFERENCIA “VÉASE” – NOMBRE DE ENTIDAD CORPORATIVA
- Corporate name or jurisdiction name as entry element: México.
- Subordinate unit: Secretaría de Educación Pública.
- Subordinate unit: Museo Pedagógico Nacional
670 ## - FUENTE EN LA QUE SE LOCALIZARON DATOS
- Cita de la fuente : Dirección General de Mejoramiento Profesional del Magisterio. Memoria 1970-1976, 1976:
- Información localizada: página 149 (al crearse la Dirección General de Mejoramiento Profesional del Magisterio se propuso a las autoridades superiores de la Secretaría de Educación Pública la integración de un Centro Nacional de Documentación, a partir de la fusión del Museo Pedagógico Nacional , institución fundada en 1945)
902 ## - CATALOGADOR
- Catalogador: Víctor Ruiz/080324
